Diverso da chi? /

Zapisane w:
Opis bibliograficzny
1. autor: Nunzi, Massimo (Kompozytor)
Kolejni autorzy: Bonifacci, Fabio (Scenarzysta), Carteni, Umberto (Dyrektor), Gerini, Claudia (Aktor), Nigro, Filippo, (1970- ) (Aktor), Montarsi, Marcello (Fotograf), Argentero, Luca (Aktor)
Format: Diapozytyw
Język:włoski
Wydane: [Italia! : Universal Pictures [distributore!, 2009
Etykiety: Dodaj etykietę
Nie ma etykietki, Dołącz pierwszą etykiete!

MARC

LEADER 00000ngm a22000007i 4500
001 IT\ICCU\LO1\1263835
003 ItRI
005 20260124182821.0
008 090924s2009 it |||||||||||||||k|||||c
024 3 1 |a 5050582699784 
028 4 2 |a 8269978 
040 |b ita 
041 7 |a ita  |2 ISO-639-2 
082 |a 791.43  |9 CINEMA  |2 19 
130 0 |a Diverso da chi? <film ; 2009>  |3 IT\ICCU\LO1\1263836 
245 0 0 |a Diverso da chi? /  |c regia di Umberto Carteni ; soggetto e sceneggiatura Fabio Bonifacci ; fotografia Marcello Montarsi ; musica Massimo Nunzi. 
260 |a [Italia! :  |b Universal Pictures [distributore!,  |c 2009 
300 |a 1 DVD-Video (circa 102 min) :  |b color., sonoro 
500 |a Caratteristiche tecniche: regione 2; PAL; video 16:9, 4:3; audio Dolby Digital 5.1 
500 |a Sottotitoli: italiano, inglese 
500 |a Titolo del contenitore 
500 |a Interpreti: Luca Argentero, Claudia Gerini, Filippo Nigro, Antonio Catania, Francesco Pannofino 
500 |a Produzione cinematografica: Italia 2009 
500 |a Contenuti speciali: backstage, scene eliminate, papere sul set, galleria fotografica. 
700 1 |a Bonifacci, Fabio  |0 IT\ICCU\CFIV\101871  |4 sce 
700 1 |a Carteni, Umberto  |0 IT\ICCU\LO1V\360897  |4 drt 
700 1 |a Nunzi, Massimo  |0 IT\ICCU\MODV\169414  |4 cmp 
700 1 |a Gerini, Claudia  |0 IT\ICCU\RAVV\105134  |4 act 
700 1 |a Nigro, Filippo,  |d  (1970- )  |0 IT\ICCU\RAVV\344546  |4 act 
700 1 |a Montarsi, Marcello  |0 IT\ICCU\TO0V\504963  |4 pht 
700 1 |a Argentero, Luca  |0 IT\ICCU\UBOV\168692  |4 act 
942 |2 ddc  |c VM  |n 0 
952 |0 0  |1 0  |4 0  |6 VO_1696_000000000000000  |7 0  |9 26835  |a BO  |b BO  |d 2026-01-24  |i 13029  |l 0  |o VO 1696  |p BO13029  |r 2026-01-24 18:28:21  |w 2026-01-24  |x [Sebina 5] [1 dvd]  |y VM  |z 1 dvd 
952 |0 0  |1 0  |4 0  |6 VO_1878_000000000000000  |7 0  |9 26836  |a BO  |b BO  |d 2026-01-24  |i 15077  |l 0  |o VO 1878  |p BO15077  |r 2026-01-24 18:28:21  |w 2026-01-24  |x [Sebina 5] [1 dvd]  |y VM  |z 1 dvd (2. copia) 
999 |c 22701  |d 22701